Statistics for Lazio Champions League XIs

Click here to take the quiz!

General Stats

  • This quiz has been taken 120 times
  • The average score is 13 of 47

Answer Stats

Answer% Correct
Ciro Immobile
92%
Sergej Milinković-Savić
69%
Alessandro Nesta
64%
Luis Alberto
61%
Hernán Crespo
55%
Juan Sebastián Verón
55%
Francesco Acerbi
54%
Simone Inzaghi
52%
Pavel Nedvěd
51%
José Reina
47%
Diego Simeone
45%
Angelo Peruzzi
41%
Lucas Leiva
41%
Joaquín Correa
38%
Patric
34%
Siniša Mihajlović
29%
Adam Marušić
28%
Marcelo Salas
28%
Tommaso Rocchi
28%
Dejan Stanković
27%
Claudio López
26%
Luca Marchegiani
26%
Gaizka Mendieta
25%
Roberto Mancini
25%
Giuseppe Favalli
24%
Jaap Stam
24%
Paolo Negro
24%
Giuseppe Pancaro
23%
Fernando Couto
19%
Goran Pandev
16%
Massimo Oddo
16%
Stefano Mauri
16%
Cristian Ledesma
14%
Sérgio Conceição
14%
Stefano Fiore
14%
Giuliano Giannichedda
10%
Marco Ballotta
10%
Bernardo Corradi
8%
Emilson Cribari
6%
Gaby Mudingayi
6%
Luciano Zauri
6%
Wesley Hoedt
6%
Demetrio Albertini
5%
Massimo Mutarelli
4%
Guglielmo Stendardo
3%
Mohamed Fares
3%
Valon Behrami
3%

Score Distribution

Percentile by Number Answered

Percent of People with Each Score

Your Score History

You have not taken this quiz